| 000 | 03245nam a22004457a 4500 | ||
|---|---|---|---|
| 005 | 20260429120023.0 | ||
| 008 | 260429b2022 ny ||||| |||| 00| 0 eng d | ||
| 020 | _a9781032267616 | ||
| 040 |
_aaue _caue _daue _erda |
||
| 041 | _aeng | ||
| 050 | 0 | 0 |
_aJZ6368 .M53 _b.2022. |
| 245 | 0 | 0 |
_aChanging security paradigm in West Asia : _bregional and international responses/ _cedited by Meena Singh Roy, Md. Muddassir Quamar. |
| 264 | 1 |
_aNew York : _bRoutledge, _c2022. |
|
| 300 |
_a198 pages; _c23 cm. |
||
| 336 |
_2rdacontent _atext |
||
| 337 |
_2rdamedia _ardamedia |
||
| 338 |
_2rdacarrier _ardacarrier |
||
| 504 | _aIncludes bibliographical references and index. | ||
| 505 | _a1. Introduction: Conflict and Instability in the West Asian Region: Multiple Narratives Meena Singh Roy 2. Iran-Saudi Arabia Conflict and the Path to Peace Seyed Hossein Mousavian 3. Arab Hopelessness and its Strategic Consequences Dan Schueftan 4. Turkey’s Middle East Policies Mustafa Aydın and Cihan Dizdaroglu 5. The UN and the Palestine Question: Security and Conflict in the Middle East Abdelhamid Abdeljaber 6. Egypt and Geostrategic Challenges in the Middle East: Terrorism, Alliances, and Political Changes Elsayed Ali Abofarha 7. Israel-India Relations: An Evolving Synergy Uri Resnick 8. Great Powers Challenge India’s Middle East Strategy P. R. Kumaraswamy 9. Crowded Horizons: A View on the Naval Strategy of the United States of America in the Western Indian Ocean Jeffrey Payne 10. China and the Middle East: New Dynamics but Consistent Policy Jin Liangxiang 11. European Dilemmas in the Middle East: Conflicting Paradigms and Shifting Dynamics Gidon Windecker 12. Protracted Transition in West Asia Prasanta Kumar Pradhan 13. Finding the Elusive Peace and Stability: An Overview | ||
| 520 | _aThe states of West Asia continue to grapple with dramatic changes taking place in the domestic and regional environment. Security has emerged as a significant concern for them. Political upheavals, civil strife, sectarian violence and terrorism in the area have implications on a regional and global order. As the region grapples with myriad socio-economic problems, many extra-regional players and non-state actors, and a few regional ones, are attempting to carve out their own areas of influence. These developments across West Asia demand constant monitoring and careful analyses. This book is a collection of essays exploring various aspects of the changing security paradigm in West Asia and the regional and international responses. | ||
| 650 | 0 | _aPolitical science. | |
| 650 | 0 | _aMilitary science | |
| 650 | 0 | _aMiddle East | |
| 650 | 0 |
_aMiddle East _xStrategic aspects. |
|
| 650 | 0 | _aNational security. | |
| 650 | 0 |
_aNational security _zMiddle East. |
|
| 650 | 0 |
_aSecurity, International _zMiddle East. |
|
| 650 | 0 | _aUnited Nations | |
| 650 | 0 | _aGeopolitics. | |
| 650 | 0 |
_aGeopolitics _zMiddle East. |
|
| 651 | 0 | _aMiddle East. | |
| 651 | 0 | _aPalestine. | |
| 651 | 0 | _aEgypt. | |
| 651 | 0 | _aIsrael | |
| 651 | 0 | _aChina | |
| 700 | 1 |
_aRoy, Meena Singh, _eeditor. |
|
| 700 | 1 |
_aQuamar, Md. Muddassir _eeditor. |
|
| 942 |
_2lcc _cBK _n0 |
||
| 999 |
_c30517 _d30517 |
||